00547 2200193 4500001002100000005001500021035002000036245008900056100002300145250000600168300003500174700002200209260003700231082001200268084001800280020001800298650002000316990001700336INLIS00000000000130320190904123433 a0010-09190000071 aManajemen Penelitian Tindakan Kelas /cDrs. Sukidin, M.Pd; Editor, Rahma N. Djunaidi0 aDrs. Sukidin, M.Pd a- ax, 202 hlm. :bilus. ;c21 cm.0 aRahma N. Djunaidi a[ s.l ] :bInsan Cendekia,c2010 a371.102 a371.102 SUK m a979-9408-33-4 aManajemen Kelas a04640/H/2018